| 000 | 01484nam a2200349Ia 4500 | ||
|---|---|---|---|
| 001 | ebr10559573 | ||
| 003 | CaPaEBR | ||
| 006 | m u | ||
| 007 | cr cn||||||||| | ||
| 008 | 120111s2012 caua sb 001 0 eng d | ||
| 010 | _z 2012001451 | ||
| 020 | _z9780804781268 | ||
| 020 | _z9780804782661 | ||
| 040 |
_aCaPaEBR _cCaPaEBR |
||
| 035 | _a(OCoLC)797852722 | ||
| 050 | 1 | 4 |
_aHC830.Z7 _bC348 2012eb |
| 082 | 0 | 4 |
_a381.0962/1609041 _223 |
| 100 | 1 | _aReynolds, Nancy Y. | |
| 245 | 1 | 2 |
_aA city consumed _h[electronic resource] : _burban commerce, the Cairo fire, and the politics of decolonization in Egypt / _cNancy Y. Reynolds. |
| 260 |
_aStanford, California : _bStanford University Press, _c2012. |
||
| 300 |
_axvii, 365 p. : _bill. |
||
| 504 | _aIncludes bibliographical references and index. | ||
| 533 |
_aElectronic reproduction. _bPalo Alto, Calif. : _cebrary, _d2011. _nAvailable via World Wide Web. _nAccess may be limited to ebrary affiliated libraries. |
||
| 650 | 0 |
_aConsumption (Economics) _zEgypt _zCairo _xHistory _y20th century. |
|
| 650 | 0 |
_aNationalism _xEconomic aspects _zEgypt. |
|
| 651 | 0 |
_aCairo (Egypt) _xCommerce _xHistory _y20th century. |
|
| 651 | 0 |
_aEgypt _xPolitics and government _y1919-1952. |
|
| 651 | 0 |
_aEgypt _xHistory _yRevolution, 1952. |
|
| 655 | 7 |
_aElectronic books. _2local |
|
| 710 | 2 | _aebrary, Inc. | |
| 856 | 4 | 0 |
_uhttp://site.ebrary.com/lib/rucke/Doc?id=10559573 _zAn electronic book accessible through the World Wide Web; click to view |
| 999 |
_c192630 _d192630 |
||